Perriyar: (Record no. 147376)

MARC details
000 -LEADER
fixed length control field 00561nam a22001817a 4500
005 - DATE AND TIME OF LATEST TRANSACTION
control field 20171113155845.0
010 ## - LCCN (DPL NO)
LC control number ENG-121371
020 ## - INTERNATIONAL STANDARD BOOK NUMBER
Terms of availability 70.00
International Standard Book Number 978892046594
035 ## - SYSTEM CONTROL NUMBER
System control number EN-104903
037 ## - SOURCE OF ACQUISITION
Source of stock number/acquisition DBAD/PUB
082 ## - DEWEY DECIMAL CLASSIFICATION NUMBER
Classification number 921
100 ## - MAIN ENTRY--PERSONAL NAME
Personal name Perumal,R.
245 ## - TITLE STATEMENT
Title Perriyar:
Statement of responsibility, etc by R. Perumal
Remainder of title a comparative study /
260 ## - PUBLICATION, DISTRIBUTION, ETC. (IMPRINT)
Place of publication, distribution, etc Chennai
Name of publisher, distributor, etc Periyar self-Respect Propaganda Institution
Date of publication, distribution, etc 2013
270 ## - ADDRESS
Address Periyar thidal No-84/1(50) E.V.K. Sampath Road Vepery
City Chennai
Postal code 600007
300 ## - PHYSICAL DESCRIPTION
Extent 106p.
Dimensions 23cm(pbk)
942 ## - ADDED ENTRY ELEMENTS (KOHA)
Source of classification or shelving scheme Dewey Decimal Classification
Item type English Books
Call number suffix PER
Classification part 921
Holdings
Withdrawn status Lost status Not for loan Collection code Home library Current library Date acquired Source of acquisition Cost, normal purchase price Full call number Barcode Copy number Cost, replacement price Koha item type
    Not For Loan Non-fiction D.B.Act.Division Bawana 13/11/2017 DBAD/PUB 70.00 921 PER EN-104903 1 70.00 English Books

© Delhi Public Library
Hit Counter
free hit counter